000 00312nam a22001337a 4500
008 181010b xxu||||| |||| 00| 0 eng d
020 _a9780721660486
041 _aeng
080 _a610
100 _a4
101 _aSHM
245 _aHealth Professional and Patient Interaction
_cPurtilo, R
942 _2udc
_cBK
999 _c49315
_d49315